[Event "Sydney International Open"]
[Site "Parramatta, NSW"]
[Date "2010.04.10"]
[Round "8.5"]
[White "Steadman, Michael"]
[Black "Kunte, Abhijit"]
[Result "0-1"]
[WhiteElo "2264"]
[BlackElo "2528"]
[Annotator "Lukey,S"]
[PlyCount "82"]
[EventDate "2010.04.07"]
[EventType "swiss"]
[EventRounds "9"]
[EventCountry "AUS"]
[SourceDate "2010.04.07"]

1. d4 Nf6 2. c4 e6 3. Nc3 Bb4 4. f3 d5 5. a3 Bxc3+ 6. bxc3 O-O 7. cxd5 exd5 8.
e3 Nh5 9. Qc2 Re8 10. Bd3 Qh4+ 11. Qf2 Nf4 12. Bf1 Qd8 13. g3 Ne6 14. Bd3 c5
15. Ne2 Nc6 16. h4 Qf6 17. Bb2 cxd4 18. cxd4 Nc5 19. Bc2 Na5 20. Bc3 Ncb3 21.
Rb1 Bf5 22. Rxb3 Bxc2 23. Rb2 Nc4 24. Rxc2 Nxe3 25. Rc1 Rac8 26. Bd2 Nc2+ 27.
Kf1 Qa6 28. Rh2 Qxa3 29. Nf4 (29. Kg2) 29... b5 30. Nxd5 b4 31. Nxb4 Nxb4 32.
Rxc8 Rxc8 33. Bxb4 Qxb4 34. Qb2 Qc4+ 35. Kf2 (35. Kg2 Qc2+ 36. Kh3 Qf5+ $19)
35... Qc2+ 36. Ke3 Re8+ 37. Kf4 Qc7+ 38. Kg4 Qd7+ 39. Kf4 Qd6+ 40. Kg4 Qe6+ 41.
Kf4 h5 0-1

[Event "Sydney International Open"]
[Site "Parramatta, NSW"]
[Date "2010.04.10"]
[Round "8.6"]
[White "Rujevic, Mirko"]
[Black "Barua, Dibyendu"]
[Result "0-1"]
[WhiteElo "2261"]
[BlackElo "2479"]
[PlyCount "124"]
[EventDate "2010.04.07"]
[EventType "swiss"]
[EventRounds "9"]
[EventCountry "AUS"]
[SourceDate "2010.04.07"]

1. e4 e6 2. d4 d5 3. Nc3 Nf6 4. e5 Nfd7 5. f4 c5 6. Nf3 Nc6 7. Be3 a6 8. Qd2 b5
9. g3 b4 10. Nd1 c4 11. Bg2 Nb6 12. O-O Be7 13. c3 a5 14. Bf2 Bd7 15. Ne3 h5
16. h3 Qc7 17. b3 cxb3 18. axb3 bxc3 19. Qxc3 O-O 20. g4 hxg4 21. hxg4 Rfc8 22.
Qd2 Nb4 23. Rfc1 Qd8 24. Nf1 Rxc1 25. Rxc1 a4 26. bxa4 Nc4 27. Qe2 Rxa4 28. Ne3
Ra2 29. Qf1 Bb5 30. Nxc4 Bxc4 31. Rxc4 dxc4 32. Qxc4 Rc2 33. Qb3 Qc8 34. Ne1
Rc1 35. Be4 Rc3 36. Qb2 g6 37. f5 Nd5 38. Qd2 Kh7 39. f6 Bf8 40. Qg5 Rh3 41.
Qd2 Qc3 42. Qxc3 Rxc3 43. Bxd5 exd5 44. g5 Ba3 45. Kg2 Bc1 46. Nf3 Kg8 47. Be1
Rb3 48. Ba5 Kf8 49. Bc7 Re3 50. Kf2 Ke8 51. Bb6 Kd7 52. Ne1 Rb3 53. Bc5 Bxg5
54. Ke2 Re3+ 55. Kf2 Ke6 56. Nc2 Rb3 57. Ke2 Rb2 58. Kd3 Rb3+ 59. Ke2 Bc1 60.
Bf8 Bb2 61. Bh6 Rc3 62. Kd2 Rxc2+ 0-1

[Event "Sydney International Open"]
[Site "Parramatta, NSW"]
[Date "2010.04.10"]
[Round "8.7"]
[White "Ikeda, Junta"]
[Black "Panchanathan, Magesh Chandran"]
[Result "0-1"]
[WhiteElo "2302"]
[BlackElo "2543"]
[PlyCount "76"]
[EventDate "2010.04.07"]
[EventType "swiss"]
[EventRounds "9"]
[EventCountry "AUS"]
[SourceDate "2010.04.07"]

1. Nf3 Nf6 2. g3 d5 3. Bg2 e6 4. d3 c5 5. Nbd2 Nc6 6. e4 Be7 7. O-O b6 8. Qe2
Bb7 9. c3 O-O 10. Re1 a5 11. e5 Nd7 12. h4 b5 13. Nf1 b4 14. N1h2 a4 15. Bd2
Ba6 16. Ng4 a3 17. b3 bxc3 18. Bxc3 Rb8 19. Red1 Nb4 20. Ne1 Qb6 21. Kh1 Rfc8
22. f4 Bf8 23. Nc2 c4 24. Nxb4 Bxb4 25. Bxb4 cxd3 26. Nh6+ gxh6 27. Qg4+ Kh8
28. Bd6 Rc2 29. Bxb8 Qxb8 30. Qf3 Nc5 31. Qe3 d4 32. Qxd4 Bb7 33. Rg1 Qa8 34.
Rgc1 Rxg2 35. Rxc5 Rxg3+ 36. Kh2 Rg2+ 37. Kh1 Qg8 38. Rc8 Rc2+ 0-1

[Event "Sydney International Open"]
[Site "Parramatta, NSW"]
[Date "2010.04.10"]
[Round "8.8"]
[White "Illingworth, Max"]
[Black "Johansen, Darryl"]
[Result "1-0"]
[WhiteElo "2289"]
[BlackElo "2457"]
[Annotator "The Dunns"]
[PlyCount "63"]
[EventDate "2010.04.07"]
[EventType "swiss"]
[EventRounds "9"]
[EventCountry "AUS"]
[SourceDate "2010.04.07"]

1. e4 c5 2. Nf3 e6 3. d4 cxd4 4. Nxd4 Nc6 5. Nc3 d6 6. Be3 Nf6 7. f3 Be7 8. Qd2
O-O 9. O-O-O a6 10. g4 Nd7 11. h4 Nde5 12. Qg2 b5 13. g5 Bd7 14. Kb1 Nxd4 15.
Bxd4 b4 16. Ne2 Qc7 17. f4 Rfc8 18. Ng3 Nc6 19. Be3 d5 20. exd5 b3 21. g6 bxa2+
22. Ka1 Nb4 23. gxf7+ Kxf7 24. dxe6+ Bxe6 25. c3 Rd8 26. Re1 Nd5 27. Bd4 Nf6
28. Rg1 Rg8 29. Ne4 (29. Rxe6 $1 Kxe6 30. Nf5 $1 Kf7 31. Nxe7 Kxe7 32. Qxg7+ $1
Rxg7 33. Rxg7+ Kd8 34. Bxf6+ Kc8 35. Bh3+ Kb8 36. Be5 $18) 29... Nh5 30. f5
Bxf5 31. Ng5+ Bxg5 32. Qd5+ 1-0

[Event "Sydney International Open"]
[Site "Parramatta, NSW"]
[Date "2010.04.10"]
[Round "8.9"]
[White "Charles, Gareth"]
[Black "Roy Chowdhury, Saptarshi"]
[Result "0-1"]
[WhiteElo "2148"]
[BlackElo "2429"]
[PlyCount "140"]
[EventDate "2010.04.07"]
[EventType "swiss"]
[EventRounds "9"]
[EventCountry "AUS"]
[SourceDate "2010.04.07"]

1. d4 Nf6 2. Nf3 c5 3. d5 d6 4. Nc3 g6 5. h3 Bg7 6. e4 O-O 7. Be2 e5 8. Bg5
Nbd7 9. Nd2 a6 10. a4 h6 11. Bh4 Rb8 12. a5 Re8 13. Nc4 Nf8 14. Bg4 Qc7 15.
Bxc8 Rbxc8 16. g4 N8h7 17. f3 Rf8 18. Bf2 Rce8 19. Qd2 Kh8 20. Ne2 Ng8 21. Ng3
Qd7 22. Be3 Bf6 23. h4 Qd8 24. g5 Be7 25. O-O-O f6 26. gxh6 f5 27. h5 g5 28.
Nxf5 Rxf5 29. exf5 Nxh6 30. b4 cxb4 31. Qxb4 Nxf5 32. Bb6 Qd7 33. Nd2 Nh4 34.
Qb3 Ng2 35. Ne4 Rc8 36. Rd2 Nh4 37. Kb1 Rf8 38. Rd3 Rf4 39. Bf2 Nxf3 40. Rxf3
Rxe4 41. Bb6 Qg4 42. Qc3 Rc4 43. Qd3 Rb4+ 44. Kc1 Nf6 45. Rg1 Qxh5 46. Rh3 Rh4
47. Rxh4 Qxh4 48. c4 Kg7 49. Be3 Nd7 50. Kb1 e4 51. Qd2 Kg6 52. Qd1 Ne5 53. Rh1
Qg4 54. Qxg4 Nxg4 55. Bd4 Bf6 56. Bxf6 Kxf6 57. Kc2 Ke5 58. Kc3 Nf6 59. Rb1 g4
60. Rxb7 g3 61. Rb2 Nh5 62. Rb8 g2 63. Rg8 Nf4 64. Kd2 Kd4 65. c5 e3+ 66. Ke1
Kxc5 67. Rg4 Kxd5 68. Rg8 Ke4 69. Rg7 Kf3 70. Rg8 Nd3+ 0-1

[Event "Sydney International Open"]
[Site "Parramatta, NSW"]
[Date "2010.04.10"]
[Round "8.11"]
[White "Monir, Arman"]
[Black "Xie, George"]
[Result "0-1"]
[WhiteElo "2139"]
[BlackElo "2470"]
[PlyCount "74"]
[EventDate "2010.04.07"]
[EventType "swiss"]
[EventRounds "9"]
[EventCountry "AUS"]
[SourceDate "2010.04.07"]

1. e4 c5 2. Nf3 Nc6 3. d4 cxd4 4. Nxd4 Nf6 5. Nc3 e6 6. Nxc6 bxc6 7. Bd3 d5 8.
exd5 cxd5 9. O-O Be7 10. Bf4 O-O 11. Qf3 a5 12. a4 Nd7 13. Rad1 Nc5 14. Bb5 Bb7
15. Qg3 Rc8 16. Rfe1 Kh8 17. Be3 Bd6 18. Bf4 Be7 19. Be3 Bd6 20. Bf4 Bxf4 21.
Qxf4 f6 22. Qh4 Qc7 23. Re3 Rcd8 24. Rh3 h6 25. Qh5 e5 26. f3 Ne6 27. Qf5 Nf4
28. Bd3 e4 29. Rh4 exd3 30. cxd3 Qb6+ 31. d4 Nxg2 32. Kxg2 Qxb2+ 33. Kh1 Qxc3
34. Rg1 Qe3 35. Qg6 Rd7 36. Qf5 Rc7 37. Qg4 Ba6 0-1

[Event "Sydney International Open"]
[Site "Parramatta, NSW"]
[Date "2010.04.10"]
[Round "8.12"]
[White "Lahiri, Atanu"]
[Black "Ayvazyan, Armen"]
[Result "1/2-1/2"]
[WhiteElo "2368"]
[BlackElo "2222"]
[PlyCount "96"]
[EventDate "2010.04.07"]
[EventType "swiss"]
[EventRounds "9"]
[EventCountry "AUS"]
[SourceDate "2010.04.07"]

1. d4 Nf6 2. c4 e6 3. Nc3 Bb4 4. e3 c5 5. Nf3 O-O 6. Bd3 d5 7. O-O dxc4 8. Bxc4
Nbd7 9. Qe2 cxd4 10. exd4 Bxc3 11. bxc3 Qc7 12. Ne5 Nxe5 13. dxe5 Nd7 14. Bf4
Nb6 15. Bd3 f5 16. c4 Bd7 17. Rfd1 Ba4 18. Rd2 Rac8 19. Rb2 Rfd8 20. Rc1 Qc5
21. Be3 Qxe5 22. Bxb6 Qxe2 23. Bxe2 axb6 24. Rxb6 Bc6 25. Bf3 Bxf3 26. gxf3 Rd4
27. Rxb7 Rdxc4 28. Rxc4 Rxc4 29. Ra7 h6 30. Kf1 Rc2 31. a4 Ra2 32. h4 g5 33. h5
e5 34. a5 e4 35. fxe4 fxe4 36. a6 Kh8 37. Ke1 g4 38. Kf1 g3 39. fxg3 e3 40. Ke1
Kg8 41. g4 Kh8 42. Kd1 Kg8 43. Ra8+ Kg7 44. Ke1 Kh7 45. Re8 Rxa6 46. Re7+ Kg8
47. Ke2 Ra3 48. Kf3 Rb3 1/2-1/2

[Event "Sydney International Open"]
[Site "Parramatta, NSW"]
[Date "2010.04.10"]
[Round "8.13"]
[White "Jule, Alexandra"]
[Black "Sharma, Dinesh Kumar"]
[Result "0-1"]
[WhiteElo "1938"]
[BlackElo "2361"]
[PlyCount "78"]
[EventDate "2010.04.07"]
[EventType "swiss"]
[EventRounds "9"]
[EventCountry "AUS"]
[SourceDate "2010.04.07"]

1. d4 Nf6 2. Nf3 e6 3. e3 b6 4. Nbd2 Bb7 5. Bd3 c5 6. c4 Be7 7. b3 cxd4 8. exd4
O-O 9. O-O d5 10. Bb2 Nc6 11. Rc1 Rc8 12. Bb1 Re8 13. Ne5 dxc4 14. Nxc6 Bxc6
15. bxc4 Bf8 16. f3 b5 17. Re1 bxc4 18. Nxc4 Bd5 19. Qa4 Rb8 20. Bc3 Bxc4 21.
Qxc4 Nd5 22. Bd2 g6 23. Be4 Bg7 24. Bxd5 Qxd5 25. Be3 Rb2 26. Qa4 Ra8 27. Rc4
Bf6 28. Rec1 Kg7 29. Qa3 Rb7 30. Rc8 Rxc8 31. Rxc8 Be7 32. Qc1 h5 33. Qd2 Rb1+
34. Kf2 Bb4 35. Qc2 Ra1 36. Rc4 Qa5 37. d5 Rxa2 38. Bd4+ Kh7 39. Bb2 Ba3 0-1

[Event "Sydney International Open"]
[Site "Parramatta, NSW"]
[Date "2010.04.10"]
[Round "8.14"]
[White "Rej, Tomek"]
[Black "Stojic, Dusan"]
[Result "1-0"]
[WhiteElo "2348"]
[BlackElo "2192"]
[PlyCount "103"]
[EventDate "2010.04.07"]
[EventType "swiss"]
[EventRounds "9"]
[EventCountry "AUS"]
[SourceDate "2010.04.07"]

1. d4 Nf6 2. c4 g6 3. Nc3 Bg7 4. e4 d6 5. f3 O-O 6. Nge2 c5 7. d5 e6 8. Ng3
exd5 9. cxd5 Na6 10. Be2 Nc7 11. O-O Rb8 12. a4 a6 13. f4 b5 14. axb5 axb5 15.
e5 dxe5 16. d6 Ne6 17. fxe5 Nd7 18. Nxb5 Nxe5 19. Be3 f5 20. Qd5 Kh8 21. Ra7
Rf7 22. Rxf7 Nxf7 23. Ne4 Qd7 24. Nxc5 Nxc5 25. Qxc5 Ba6 26. Qc7 Rb7 27. Qxd7
Rxd7 28. Ra1 Bxb5 29. Bxb5 Rxd6 30. Ra8+ Rd8 31. Rxd8+ Nxd8 32. b4 Bc3 33. Bc4
Kg7 34. b5 Kf6 35. b6 f4 36. Bf2 Ke5 37. Ba6 Kd6 38. b7 Nc6 39. Bb5 Nb8 40. Bb6
Bd2 41. Kf2 Be3+ 42. Bxe3 fxe3+ 43. Kxe3 Kc7 44. Kf4 Kxb7 45. Kg5 Kb6 46. Be8
Na6 47. Kh6 Nc5 48. Kxh7 Ne6 49. Bxg6 Kc7 50. Bf5 Nd4 51. Kg6 Kd6 52. Kf6 1-0

[Event "Sydney International Open"]
[Site "Parramatta, NSW"]
[Date "2010.04.10"]
[Round "8.15"]
[White "Gu, Sean"]
[Black "Teichmann, Erik OMC"]
[Result "0-1"]
[WhiteElo "1819"]
[BlackElo "2325"]
[PlyCount "64"]
[EventDate "2010.04.07"]
[EventType "swiss"]
[EventRounds "9"]
[EventCountry "AUS"]
[SourceDate "2010.04.07"]

1. e4 Nc6 2. d4 e5 3. Nf3 exd4 4. Bc4 Bc5 5. c3 d3 6. b4 Bb6 7. Qb3 Qe7 8. O-O
d6 9. Bxd3 Nf6 10. Bg5 h6 11. Bxf6 Qxf6 12. a4 a6 13. Nbd2 Bg4 14. Rae1 O-O 15.
h3 Bh5 16. g4 Bg6 17. Kg2 h5 18. g5 Qf4 19. Nc4 h4 20. Rg1 Bh5 21. Qd1 Rae8 22.
Ncd2 f6 23. g6 Bxg6 24. Nd4 Nxd4 25. cxd4 Bxd4 26. Nf3 Bh5 27. Bc2 c5 28. bxc5
dxc5 29. Qd3 Rd8 30. e5 Qxf3+ 31. Qxf3 Bxf3+ 32. Kxf3 fxe5+ 0-1

[Event "Sydney International Open"]
[Site "Parramatta, NSW"]
[Date "2010.04.10"]
[Round "8.17"]
[White "Lane, Gary"]
[Black "Castor, David"]
[Result "1-0"]
[WhiteElo "2380"]
[BlackElo "2131"]
[PlyCount "107"]
[EventDate "2010.04.07"]
[EventType "swiss"]
[EventRounds "9"]
[EventCountry "AUS"]
[SourceDate "2010.04.07"]

1. e4 c6 2. d4 d5 3. e5 Bf5 4. h4 h5 5. c4 e6 6. Nc3 Nd7 7. Bg5 Be7 8. Qd2 Qa5
9. cxd5 exd5 10. Nge2 Nf8 11. Ng3 Bg6 12. Bd3 Bxd3 13. Qxd3 Ne6 14. Nf5 Nxg5
15. hxg5 g6 16. Nxe7 Nxe7 17. g4 h4 18. Qf3 O-O-O 19. Qxf7 Qb4 20. O-O-O Rhf8
21. Qe6+ Rd7 22. Rd2 Rf4 23. Rxh4 Rxd4 24. Rxd4 Qxd4 25. Qf6 Qc5 26. Rh7 b5 27.
e6 Rc7 28. Kb1 Kb7 29. Qf4 b4 30. Ne2 Qb5 31. Nc1 Qc4 32. Qxc4 dxc4 33. f4 c5
34. f5 gxf5 35. Rxe7 Rxe7 36. gxf5 Kc7 37. g6 Kd6 38. f6 Kxe6 39. fxe7 Kxe7 40.
b3 cxb3 41. axb3 Kf6 42. Nd3 Kxg6 43. Nxc5 Kf5 44. Na6 Ke5 45. Nxb4 Kd6 46. Kb2
Kc5 47. Ka3 Kb5 48. Nc2 Ka5 49. Nd4 Kb6 50. Kb4 Ka6 51. Kc5 Kb7 52. Kb5 Kb8 53.
Ka6 Ka8 54. Nb5 1-0

[Event "Sydney International Open"]
[Site "Parramatta, NSW"]
[Date "2010.04.10"]
[Round "8.18"]
[White "Ly, Moulthun"]
[Black "McNamara, Gary"]
[Result "1-0"]
[WhiteElo "2315"]
[BlackElo "2117"]
[PlyCount "69"]
[EventDate "2010.04.07"]
[EventType "swiss"]
[EventRounds "9"]
[EventCountry "AUS"]
[SourceDate "2010.04.07"]

1. e4 c5 2. c3 d6 3. d4 Nf6 4. dxc5 dxc5 5. Qxd8+ Kxd8 6. f3 b6 7. Bc4 e6 8.
Bf4 Nh5 9. Be3 Bd6 10. Na3 a6 11. Nh3 Ke7 12. Be2 e5 13. Nf2 Be6 14. Bc4 b5 15.
Bxe6 fxe6 16. g3 Nd7 17. Ke2 Rhc8 18. Rhd1 Rc6 19. Rd2 Rac8 20. Nc2 Nb6 21. b3
c4 22. Nb4 Bxb4 23. cxb4 Nd7 24. bxc4 bxc4 25. a4 Rb8 26. Rb1 c3 27. Rc2 Rc4
28. Nd3 a5 29. b5 Rxa4 30. Rxc3 Ra2+ 31. Bd2 Nhf6 32. Rc6 Rb6 33. Rc7 Rd6 34.
Ra7 a4 35. b6 1-0

[Event "Sydney International Open"]
[Site "Parramatta, NSW"]
[Date "2010.04.10"]
[Round "8.19"]
[White "Shen, Daniel"]
[Black "Tan, Kevin"]
[Result "1-0"]
[WhiteElo "2197"]
[BlackElo "1882"]
[PlyCount "49"]
[EventDate "2010.04.07"]
[EventType "swiss"]
[EventRounds "9"]
[EventCountry "AUS"]
[SourceDate "2010.04.07"]

1. e4 e6 2. d4 d5 3. Nc3 Bb4 4. exd5 exd5 5. Bd3 Nc6 6. a3 Bd6 7. Nge2 Be6 8.
Nb5 h6 9. Nxd6+ Qxd6 10. Bf4 Qd7 11. Qd2 O-O-O 12. b4 g5 13. Bg3 Bf5 14. b5 Nb8
15. Qa5 Ne7 16. Rb1 Bxd3 17. cxd3 Nf5 18. Be5 Rhe8 19. O-O Re6 20. Rfc1 Nd6 21.
Nc3 c6 22. Nxd5 Nf5 23. Qxa7 Qxd5 24. bxc6 Re7 25. Qxb8# 1-0

[Event "Sydney International Open"]
[Site "Parramatta, NSW"]
[Date "2010.04.10"]
[Round "8.20"]
[White "Chowdhury, Sohel"]
[Black "Smirnov, Anton"]
[Result "1/2-1/2"]
[WhiteElo "2190"]
[BlackElo "1868"]
[PlyCount "94"]
[EventDate "2010.04.07"]
[EventType "swiss"]
[EventRounds "9"]
[EventCountry "AUS"]
[SourceDate "2010.04.07"]

1. e4 e5 2. Nf3 Nc6 3. Bb5 f5 4. d3 fxe4 5. dxe4 Nf6 6. Bg5 Bc5 7. O-O d6 8.
Bc4 Bg4 9. c3 h6 10. Bxf6 Qxf6 11. Nbd2 O-O-O 12. a4 a5 13. Rb1 g5 14. Qc2 h5
15. Bd5 Bxf3 16. Nxf3 g4 17. Ne1 h4 18. b4 Bb6 19. bxa5 Nxa5 20. Rxb6 cxb6 21.
Qb2 Kc7 22. Nd3 Ra8 23. Rb1 Qd8 24. Qxb6+ Kb8 25. Qb5 Rh7 26. c4 Ka7 27. c5
dxc5 28. Nxc5 Qc7 29. Ne6 Qc3 30. Qb6+ Kb8 31. Nc5 Rc7 32. Na6+ Rxa6 33. Qxa6
g3 34. hxg3 hxg3 35. Qe2 Qd4 36. Rd1 gxf2+ 37. Kf1 Qxa4 38. Kxf2 Nc6 39. Rc1
Qd4+ 40. Qe3 Qb2+ 41. Kg1 Rg7 42. g3 Rxg3+ 43. Qxg3 Qxc1+ 44. Kg2 Qb2+ 45. Kh3
Nd4 46. Qxe5+ Ka7 47. Qc7 Qb6 1/2-1/2

[Event "Sydney International Open"]
[Site "Parramatta, NSW"]
[Date "2010.04.10"]
[Round "8.22"]
[White "Cameron, Alistair"]
[Black "Broekhuyse, Paul"]
[Result "0-1"]
[WhiteElo "1862"]
[BlackElo "2108"]
[PlyCount "46"]
[EventDate "2010.04.07"]
[EventType "swiss"]
[EventRounds "9"]
[EventCountry "AUS"]
[SourceDate "2010.04.07"]

1. d4 f5 2. e4 fxe4 3. Nc3 Nf6 4. Bg5 Nc6 5. d5 Ne5 6. Qd4 Nf7 7. Bxf6 exf6 8.
Nxe4 Be7 9. g4 O-O 10. f4 f5 11. gxf5 Bh4+ 12. Ng3 Qe7+ 13. Be2 Bf6 14. Qd3
Qb4+ 15. Kf1 Bxb2 16. Rb1 Qxf4+ 17. Kg2 Bf6 18. Nh3 Qd4 19. Qb3 Nd6 20. Rhf1
Re8 21. c4 Re3 22. Qb4 a5 23. Qa4 b5 0-1

[Event "Sydney International Open"]
[Site "Parramatta, NSW"]
[Date "2010.04.10"]
[Round "8.23"]
[White "Holland, Dennis"]
[Black "Nakauchi, Gene"]
[Result "0-1"]
[WhiteElo "1944"]
[BlackElo "2119"]
[PlyCount "110"]
[EventDate "2010.04.07"]
[EventType "swiss"]
[EventRounds "9"]
[EventCountry "AUS"]
[SourceDate "2010.04.07"]

1. d4 Nf6 2. Nf3 c5 3. e3 g6 4. c4 Bg7 5. Nc3 O-O 6. Be2 d6 7. dxc5 dxc5 8. O-O
Nc6 9. Qa4 Bf5 10. Qb5 Qb6 11. a3 Na5 12. b4 Qxb5 13. Nxb5 a6 14. bxa5 axb5 15.
cxb5 Ne4 16. Ra2 Nc3 17. Rd2 Nxe2+ 18. Rxe2 Bd3 19. Rd2 Bxf1 20. Kxf1 Rxa5 21.
Rd7 Rxb5 22. Ke2 e6 23. h4 h6 24. g4 Bb2 25. Kd1 Bxc1 26. Kxc1 b6 27. Ne5 Rb3
28. Ra7 b5 29. Nd7 Rc8 30. Ne5 Rf8 31. Nd7 b4 32. Nxf8 Kxf8 33. axb4 Rxb4 34.
f4 Rb3 35. Kd2 Rb2+ 36. Kd3 Rh2 37. g5 Rxh4 38. gxh6 Rxh6 39. f5 exf5 40. Rc7
Rh3 41. Rxc5 f4 42. Ke2 Rxe3+ 43. Kf2 Kg7 44. Ra5 Kh6 45. Rb5 f5 46. Rb8 Kh5
47. Ra8 Rb3 48. Ra1 Kg4 49. Rg1+ Rg3 50. Ra1 f3 51. Ra6 g5 52. Ra8 Rg2+ 53. Kf1
Kg3 54. Rg8 g4 55. Ra8 Rh2 0-1

[Event "Sydney International Open"]
[Site "Parramatta, NSW"]
[Date "2010.04.10"]
[Round "8.24"]
[White "Guo, Emma"]
[Black "Stead, Kerry"]
[Result "0-1"]
[WhiteElo "1941"]
[BlackElo "2087"]
[PlyCount "50"]
[EventDate "2010.04.07"]
[EventType "swiss"]
[EventRounds "9"]
[EventCountry "AUS"]
[SourceDate "2010.04.07"]

1. e4 g6 2. d4 Bg7 3. Nc3 c6 4. Be3 d5 5. f3 Nf6 6. Qd2 O-O 7. e5 Ne8 8. h4 f6
9. h5 fxe5 10. hxg6 exd4 11. gxh7+ Kh8 12. Bxd4 e5 13. Bf2 Bf5 14. O-O-O Nd7
15. g4 Bg6 16. Bd3 Qf6 17. Bh4 Qf7 18. Bxg6 Qxg6 19. Nce2 Nd6 20. b3 Rae8 21.
Kb1 e4 22. f4 Qxg4 23. Bg5 e3 24. Qe1 Ne4 25. Nh3 Qxe2 0-1

[Event "Sydney International Open"]
[Site "Parramatta, NSW"]
[Date "2010.04.10"]
[Round "8.25"]
[White "Deen Cowell, Nicholas Andrew"]
[Black "Jackson, Ralph"]
[Result "1/2-1/2"]
[WhiteElo "1896"]
[BlackElo "2081"]
[PlyCount "68"]
[EventDate "2010.04.07"]
[EventType "swiss"]
[EventRounds "9"]
[EventCountry "AUS"]
[SourceDate "2010.04.07"]

1. e4 g6 2. d4 Bg7 3. Nc3 c6 4. f4 d5 5. e5 h5 6. Nf3 Bg4 7. h3 Bxf3 8. Qxf3 e6
9. Bd3 Qb6 10. Ne2 h4 11. b3 Bf8 12. O-O Nh6 13. Kh1 Nf5 14. Bxf5 gxf5 15. c4
a5 16. Qd3 Be7 17. Nc3 Nd7 18. Na4 Qa6 19. Rd1 Nb6 20. Nxb6 Qxb6 21. c5 Qa6 22.
Qxa6 Rxa6 23. Be3 Kd7 24. Rab1 Kc7 25. Rb2 Raa8 26. Rdb1 Rhb8 27. a3 b6 28. b4
{White offered a draw.} axb4 29. axb4 Ra3 30. Bf2 b5 31. Kh2 Rg8 32. Rb3 Ra2
33. R1b2 Ra1 34. Rb1 Ra2 1/2-1/2

[Event "Sydney International Open"]
[Site "Parramatta, NSW"]
[Date "2010.04.10"]
[Round "8.26"]
[White "Milligan, Helen"]
[Black "Wang, Oscar"]
[Result "0-1"]
[WhiteElo "2016"]
[BlackElo "1943"]
[Annotator "Wang,Oscar"]
[PlyCount "86"]
[EventDate "2010.04.07"]
[EventType "swiss"]
[EventRounds "9"]
[EventCountry "AUS"]
[SourceDate "2010.04.07"]

1. e4 c5 2. Nf3 e6 3. d4 cxd4 4. Nxd4 Nf6 5. Bd3 Nc6 6. Nxc6 bxc6 7. c4 d5 8.
cxd5 cxd5 9. exd5 Nxd5 10. O-O Be7 11. Bd2 O-O 12. Qc2 h6 13. a3 Bb7 14. Nc3
Rc8 15. Rfd1 Qb6 16. Qb1 Bf6 17. Nxd5 Bxd5 18. Bb4 Rfd8 19. Rc1 Bd4 20. Rc2 a5
21. Bc3 Bxc3 22. Rxc3 Rxc3 23. bxc3 Qxb1+ 24. Bxb1 (24. Rxb1 Bxg2 25. Rd1 Bd5
26. c4 Bxc4 27. Bh7+) 24... Rc8 25. f3 Rxc3 26. Kf2 Kf8 27. Be4 Bxe4 28. fxe4
a4 29. e5 Rb3 30. Rc1 Kg8 31. Rc7 Rxa3 32. Ra7 Ra1 33. h4 h5 34. Kg3 a3 35. Kf4
a2 36. Kg3 Kh7 37. Kh2 Kg6 38. Kg3 f6 39. exf6 gxf6 40. Ra5 e5 41. Ra4 Kf5 42.
Kh2 e4 43. g4+ hxg4 0-1

[Event "Sydney International Open"]
[Site "Parramatta, NSW"]
[Date "2010.04.10"]
[Round "8.27"]
[White "Stojic, Svetozar"]
[Black "Lee, Bryan"]
[Result "1-0"]
[WhiteElo "2013"]
[BlackElo "1930"]
[PlyCount "53"]
[EventDate "2010.04.07"]
[EventType "swiss"]
[EventRounds "9"]
[EventCountry "AUS"]
[SourceDate "2010.04.07"]

1. e4 c5 2. Nf3 d6 3. d4 cxd4 4. Nxd4 Nf6 5. Nc3 g6 6. Be3 Bg7 7. f3 O-O 8. Qd2
Nc6 9. Bc4 Bd7 10. Nde2 Re8 11. Bh6 Bh8 12. h4 Qa5 13. O-O-O Rac8 14. Bb3 Ne5
15. h5 Nc4 16. hxg6 hxg6 17. Bxc4 Rxc4 18. g4 Rec8 19. Bf8 g5 20. Bxe7 Bg7 21.
Qxd6 R8c6 22. Qa3 Qc7 23. Rd6 R6c5 24. Qxa7 Be6 25. Qa8+ Bc8 26. Rd8+ Bf8 27.
Bxf6 1-0

[Event "Sydney International Open"]
[Site "Parramatta, NSW"]
[Date "2010.04.10"]
[Round "8.28"]
[White "Ilic, Ilija"]
[Black "Ruan, Jack"]
[Result "0-1"]
[WhiteElo "2009"]
[BlackElo "1896"]
[PlyCount "84"]
[EventDate "2010.04.07"]
[EventType "swiss"]
[EventRounds "9"]
[EventCountry "AUS"]
[SourceDate "2010.04.07"]

1. d4 Nf6 2. Nc3 d5 3. Bf4 Bf5 4. f3 e6 5. g4 Bg6 6. Qd2 Bd6 7. h4 h5 8. g5
Nfd7 9. Bxd6 cxd6 10. e4 dxe4 11. Nxe4 Qc7 12. O-O-O d5 13. Nc3 a6 14. Nge2 Nc6
15. Nf4 Bf5 16. Bh3 Bxh3 17. Rxh3 g6 18. Qe3 O-O-O 19. Nxe6 fxe6 20. Qxe6 Qf4+
21. Kb1 Qf5 22. Qxf5 gxf5 23. Nxd5 Nf8 24. Ne3 Rxd4 25. Rxd4 Nxd4 26. c3 f4 27.
Ng2 Nde6 28. Rh1 Ng6 29. Re1 Kd7 30. Re4 Rf8 31. Kc2 Rf5 32. a4 Re5 33. Kd3
Nc5+ 34. Kd4 Nxe4 35. fxe4 Kd6 36. b4 b5 37. a5 f3 38. Ne3 f2 39. c4 Nxh4 40.
c5+ Ke6 41. c6 Nf3+ 42. Kd3 Nxg5 0-1

[Event "Sydney International Open"]
[Site "Parramatta, NSW"]
[Date "2010.04.10"]
[Round "8.29"]
[White "Perera, Pasan"]
[Black "Zulfic, Fedja"]
[Result "0-1"]
[WhiteElo "1575"]
[BlackElo "2008"]
[PlyCount "52"]
[EventDate "2010.04.07"]
[EventType "swiss"]
[EventRounds "9"]
[EventCountry "AUS"]
[SourceDate "2010.04.07"]

1. e4 d5 2. exd5 Nf6 3. d4 Bg4 4. f3 Bf5 5. c4 e6 6. dxe6 Bxe6 7. Nc3 c6 8. Bg5
Bb4 9. a3 Ba5 10. Qd2 h6 11. Bh4 Nbd7 12. b4 Bb6 13. Bf2 Qe7 14. Qe2 a5 15. b5
a4 16. O-O-O Ba5 17. Qb2 O-O 18. c5 Bxc3 19. Qxc3 Nd5 20. Qb2 cxb5 21. Bxb5
Qg5+ 22. Kb1 Qxg2 23. Bg3 Qxh1 24. Qf2 Nc3+ 25. Kc1 Nxd1 26. Kxd1 Nf6 0-1

[Event "Sydney International Open"]
[Site "Parramatta, NSW"]
[Date "2010.04.10"]
[Round "8.30"]
[White "Bennett, Hilton"]
[Black "Ansell, Alan"]
[Result "0-1"]
[WhiteElo "2001"]
[BlackElo "1968"]
[PlyCount "104"]
[EventDate "2010.04.07"]
[EventType "swiss"]
[EventRounds "9"]
[EventCountry "AUS"]
[SourceDate "2010.04.07"]

1. e4 c6 2. d4 d5 3. e5 Bf5 4. Be3 e6 5. Nd2 Nd7 6. Be2 Ne7 7. f4 c5 8. c3 Nc6
9. Ngf3 Be7 10. O-O O-O 11. h3 Rc8 12. Kh2 cxd4 13. Nxd4 Nxd4 14. Bxd4 Bc5 15.
Nb3 a6 16. g4 Be4 17. Nxc5 Nxc5 18. b4 Nd7 19. Bf3 Bxf3 20. Qxf3 Nb6 21. f5 Nc4
22. Qf4 h6 23. Rg1 Qg5 24. Qg3 Qd8 25. Rg2 Na3 26. f6 Nb5 27. Bc5 Re8 28. Rf1
b6 29. Be7 Qd7 30. Rf3 g6 31. a4 Na3 32. h4 Nc4 33. Qf4 Kh7 34. Ra2 Qc7 35. Re2
Qc6 36. Ra2 Qc7 {Black offered a draw.} 37. Re2 Qc6 38. Qd4 Qxa4 39. Qd3 Kg8
40. h5 g5 41. Rff2 Qc6 42. Qd4 {White offered a draw.} Na3 43. Ra2 Nb5 44. Qe3
Qb7 45. Rfc2 Rc4 46. Qg3 Rec8 47. Rf2 Nxc3 48. Rac2 Ne4 49. Qd3 Nxf2 50. Rxf2
Rxg4 51. Qg6+ fxg6 52. hxg6 Rh4+ 0-1